000 00391pab a2200157 454500
008 180718b2007 xxu||||| |||| 00| 0 eng d
100 _aDudai, Ron
245 _aBecoming a war criminal: insights from the Hague (a review essay)
260 _c2007
300 _ap.301-09.
362 _aJun
650 _aWar crimes
773 _aSocial and Legal Studies
908 _aN
909 _a74133
999 _c74133
_d74133